000 00631nas a2200229 4500
001 BR7308059
003 BR-BrBNA
005 20231205082644.0
007 ta
008 230509b bl.|||p| |||| 00| 00por d
040 _aBR-BrBNA
_bpor
_cBiblioteca Nacional de Agricultura
041 _a(Pt)
072 _aQ10
100 1 _aBarreto, A.
245 1 _aA fabricacao de acucar sem melaco
650 _aACUCAR
650 _aMELACO
650 _aACUCAR REDUTOR
773 0 _tBrasil Acucareiro (Brazil)
_xISSN 0006-9167
_g(Mar 1973), v. 81(3) p. 14-16
_wBR7308059
909 _a202311
_bLúcia
_c55
_dLúcia Elande
942 _2AGRIS
_n0
_cANA
999 _c93520
_d93520